000 00361nam a22001457a 4500
020 _qPB.
040 _cFIZZA ISHAQ
082 _a005.453
_bALF
100 _aAHO,V.ALFRED.
_991166
245 _aCOMPILERS PRINCIPLES TECHNIQUES AND TOOLS /
_cALFRED V.AHO.
250 _a2nd ED.
260 _aLONDON ;
_bPEARSON,
_c2014.
300 _a942 P. ;
942 _2ddc
_cBK
999 _c589320
_d589320